[Event "Santo Domingo op"]
[Site "Santo Domingo"]
[Date "2006.11.01"]
[Round "2"]
[White "Moreta, Amaury"]
[Black "De la Paz Perdomo, Frank"]
[Result "1-0"]
[WhiteElo "2046"]
[BlackElo "2442"]
[PlyCount "56"]
[EventDate "2006.10.31"]
[EventType "swiss"]
[EventRounds "9"]
[EventCountry "DOM"]
[SourceTitle "EXT 2007"]
[Source "ChessBase"]
[SourceDate "2006.11.23"]
[SourceVersion "1"]
[SourceVersionDate "2006.11.23"]
[SourceQuality "1"]

1. e4 e5 2. Nf3 d6 3. Bc4 Be7 4. Nc3 Nf6 5. d4 exd4 6. Nxd4 0-0 7. 0-0 Re8 8. Re1 c6 9. a4 a5 10. Bb3 Bf8 11. Bg5 Nbd7 12. Qf3 h6 13. Bh4 Ne5 14. Qe2 Ng6 15. Bg3 Nd7 16. Rad1 Nc5 17. Qh5 Nxb3 18. Nxb3 Qf6 19. h3 Nf4 20. Bxf4 Qxf4 21. Rd3 Qe5 22. Qe2 Be6 23. Nd2 Qc5 24. Re3 Qb4 25. b3 Be7 26. Nf3 Bf6 27. Qd3 Rad8 28. Na2 Bb2 1-0

[Event "Santo Domingo op"]
[Site "Santo Domingo"]
[Date "2006.11.01"]
[Round "3"]
[White "Nogueiras Santiago, Jesus"]
[Black "Moreta, Amaury"]
[Result "1-0"]
[WhiteElo "2554"]
[BlackElo "2046"]
[PlyCount "115"]
[EventDate "2006.10.31"]
[EventType "swiss"]
[EventRounds "9"]
[EventCountry "DOM"]
[SourceTitle "EXT 2007"]
[Source "ChessBase"]
[SourceDate "2006.11.23"]
[SourceVersion "1"]
[SourceVersionDate "2006.11.23"]
[SourceQuality "1"]

1. Nf3 Nf6 2. c4 e6 3. g3 Be7 4. Bg2 0-0 5. 0-0 d5 6. b3 c6 7. Bb2 Nbd7 8. d4 Qc7 9. Qc2 b6 10. cxd5 exd5 11. Nc3 Bb7 12. Rac1 Rac8 13. Rfd1 a6 14. Ne5 Bd6 15. Qf5 g6 16. Qg5 Qd8 17. Bh3 Re8 18. Nxd7 Nxd7 19. Qxd8 Rcxd8 20. e3 f5 21. Rc2 Nf6 22. Rdc1 Ne4 23. Ne2 Bf8 24. Nf4 Bh6 25. Nd3 Bg7 26. Bg2 a5 27. f3 Ng5 28. Kf2 Nf7 29. Ba3 Bh6 30. f4 Bg7 31. h3 Nd6 32. Bxd6 Rxd6 33. Ne5 Ree6 34. a3 Bxe5 35. fxe5 Rd8 36. Bf1 Re7 37. Kf3 Kf7 38. Kf4 h6 39. h4 Rg8 40. b4 axb4 41. axb4 Ke6 42. Rxc6+ Bxc6 43. Rxc6+ Kf7 44. Bg2 Rd8 45. Rxb6 Ra7 46. h5 gxh5 47. Bf3 Ra2 48. Rxh6 Rf2 49. Rxh5 Ke6 50. Rh6+ Ke7 51. Rf6 Rb8 52. Rxf5 Rxb4 53. g4 Rb3 54. g5 Rb8 55. g6 Rf1 56. Rf7+ Ke8 57. e6 Rb6 58. g7 1-0